Research Methodology (Record no. 5456)

MARC details
000 -LEADER
fixed length control field 00294nam a2200133Ia 4500
008 - FIXED-LENGTH DATA ELEMENTS--GENERAL INFORMATION
fixed length control field 191201s2012 xx 000 0 und d
100 ## - MAIN ENTRY--PERSONAL NAME
Personal name GUPTA, S.L.
245 #0 - TITLE STATEMENT
Title Research Methodology
250 ## - EDITION STATEMENT
Edition statement Rep
260 ## - PUBLICATION, DISTRIBUTION, ETC. (IMPRINT)
Place of publication, distribution, etc N. delhi
Name of publisher, distributor, etc IBH
Date of publication, distribution, etc 2012
300 ## - PHYSICAL DESCRIPTION
Extent 474
650 ## - SUBJECT ADDED ENTRY--TOPICAL TERM
Topical term or geographic name as entry element MBA
942 ## - ADDED ENTRY ELEMENTS (KOHA)
Source of classification or shelving scheme Dewey Decimal Classification
Koha item type Text Books
942 ## - ADDED ENTRY ELEMENTS (KOHA)
-- 4
Holdings
Withdrawn status Lost status Source of classification or shelving scheme Damaged status Not for loan Collection code Home library Current library Date acquired Source of acquisition Cost, normal purchase price Bill Number Total Checkouts Full call number Acc. no. / Barcode Date last seen Bill Date Koha item type Checked out Date last borrowed Public note
    Dewey Decimal Classification     MBA PIET C-LIBRARY PIET C-LIBRARY 14/08/2012 IBH, New Delhi 399.00 8137   658.007 GUR 20646 04/12/2019 13/08/2012 Text Books      
    Dewey Decimal Classification     MBA PIET C-LIBRARY PIET C-LIBRARY 14/08/2012 IBH, New Delhi 399.00 8137   658.007 GUR 20647 04/12/2019 13/08/2012 Text Books      
    Dewey Decimal Classification     MBA PIET C-LIBRARY PIET C-LIBRARY 14/08/2012 IBH, New Delhi 399.00 8137   658.007 GUR 20648 04/12/2019 13/08/2012 Text Books      
    Dewey Decimal Classification     MBA PIET C-LIBRARY PIET C-LIBRARY 14/08/2012 IBH, New Delhi 399.00 8137 2 658.007 GUR 20649 22/01/2022 13/08/2012 Text Books 21/07/2022 22/01/2022 .
    Dewey Decimal Classification     MBA PIET C-LIBRARY PIET C-LIBRARY 14/08/2012 IBH, New Delhi 399.00 8137 2 658.007 GUR 20650 13/03/2024 13/08/2012 Text Books   01/03/2024  
    Dewey Decimal Classification     MBA PIET C-LIBRARY PIET C-LIBRARY 14/08/2012 IBH, New Delhi 399.00 8137 2 658.007 GUR 20651 15/01/2025 13/08/2012 Text Books   30/11/2022  
    Dewey Decimal Classification     MBA PIET C-LIBRARY PIET C-LIBRARY 14/08/2012 IBH, New Delhi 399.00 8137   658.007 GUR 20652 04/12/2019 13/08/2012 Text Books      

Design & Developed by: PIET Central Library
R70 Miles Stone Pattikalyana Samalkha Panipat 132102
mail ID :- [email protected], Phone No:- 0180-2569700 Ex.216